Football Player Quiz - Statistics

General Stats
  • This quiz has been taken 400 times
  • The average score is 10 of 15
Answer Stats
Hint Answer % Correct
France, Real Madrid CF, 9 Karim Benzema
95%
Germany, Chelsea FC, 29 Kai Havertz
86%
Sweden, AC Milan, 11 Zlatan Ibrahimovic
85%
Norway, BVB, 9 Erling Haaland
83%
Germany, FC Bayern Munich, 1 Manuel Neuer
83%
England, Tottenham Hotspur, 10 Harry Kane
81%
Egypt, Liverpool FC, 11 Mohamed Salah
80%
Belgium, Manchester City, 17 Kevin De Bruyne
71%
England, Manchester United, 5 Harry Maguire
68%
Netherlands, Liverpool FC, 4 Virgil Van Dijk
68%
Italy, PSG, 50 Gianluigi Donnarumma
54%
Belgium, Real Madrid CF, 1 Thibaut Courtois
53%
France, Chelsea, 7 Ngolo Kante
49%
Slovenia, Atletico Madrid, 13 Jan Oblak
43%
Brazil, Manchester City, 31 Ederson Moraes
5%
No matching quizzes found
Score Distribution
Percent of People with Each Score
Percentile by Number Answered
Your Score History
You have not taken this quiz